ARRUPE JESUIT UNIVERSITY

CORONAVIRUS -STOP THE SPREAD - CLEAN,DISINFECT,COVER

Claude Bernard and experimental medicine: (Record no. 122403)

MARC details
000 -LEADER
fixed length control field 01562cam a22003251 4500
001 - CONTROL NUMBER
control field 9876103
003 - CONTROL NUMBER IDENTIFIER
control field ARRUPE
005 - DATE AND TIME OF LATEST TRANSACTION
control field 20150311145411.0
008 - FIXED-LENGTH DATA ELEMENTS--GENERAL INFORMATION
fixed length control field 830524s1967 maua b 000 0 eng
010 ## - LIBRARY OF CONGRESS CONTROL NUMBER
LC control number 66023043
035 ## - SYSTEM CONTROL NUMBER
System control number (OCoLC)9542028
040 ## - CATALOGING SOURCE
Original cataloging agency DLC
Transcribing agency CNoS
Modifying agency DLC
041 1# - LANGUAGE CODE
Language code of text/sound track or separate title eng
Language code of original and/or intermediate translations of text fre
050 00 - LIBRARY OF CONGRESS CALL NUMBER
Classification number R850
Item number .C55
082 ## - DEWEY DECIMAL CLASSIFICATION NUMBER
Classification number 612/.0072/4
300 ## - PHYSICAL DESCRIPTION
Other physical details illus.
Dimensions 23 cm.
245 00 - TITLE STATEMENT
Title Claude Bernard and experimental medicine:
Remainder of title Collected papers from a symposium commemorating the centenary of the publication of An introduction to the study of experimental medicine. And the first English translation of Claude Bernard's Cahier rouge.
Statement of responsibility, etc Edited by Francisco Grande and Maurice B. Visscher.
260 ## - PUBLICATION, DISTRIBUTION, ETC. (IMPRINT)
Place of publication, distribution, etc Cambridge, Mass.,
Name of publisher, distributor, etc Schenkman Pub. Co.
Date of publication, distribution, etc [1967]
300 ## - PHYSICAL DESCRIPTION
Extent 210, vi, 120 p.
500 ## - GENERAL NOTE
General note The symposium was held at the University of Minnesota as part of the celebration of the 75th anniversary of the founding of the Medical School of the University.
500 ## - GENERAL NOTE
General note The translation of Le Cahier rouge has special t.p.
504 ## - BIBLIOGRAPHY, ETC. NOTE
Bibliography, etc Includes bibliographies.
600 10 - SUBJECT ADDED ENTRY--PERSONAL NAME
Personal name Bernard, Claude,
Dates associated with a name 1813-1878.
Title of a work Introduction à l'étude de la médecine expérimentale.
9 (RLIN) 16200
700 1# - ADDED ENTRY--PERSONAL NAME
Personal name Grande, Francisco,
Relator term ed.
9 (RLIN) 16201
700 1# - ADDED ENTRY--PERSONAL NAME
Personal name Visscher, Maurice B.,
Dates associated with a name 1901-1983,
Relator term ed.
9 (RLIN) 16202
700 12 - ADDED ENTRY--PERSONAL NAME
Personal name Bernard, Claude,
Dates associated with a name 1813-1878.
Title of a work Cahier rouge.
Language of a work English.
9 (RLIN) 16203
710 2# - ADDED ENTRY--CORPORATE NAME
Corporate name or jurisdiction name as entry element University of Minnesota.
9 (RLIN) 16204
710 2# - ADDED ENTRY--CORPORATE NAME
Corporate name or jurisdiction name as entry element University of Minnesota.
Subordinate unit Medical School.
9 (RLIN) 16205
906 ## - LOCAL DATA ELEMENT F, LDF (RLIN)
a 7
b cbc
c oclcrpl
d u
e ncip
f 19
g y-gencatlg
942 ## - ADDED ENTRY ELEMENTS (KOHA)
Source of classification or shelving scheme Library of Congress Classification
Koha item type Monograph ( Printed materials)
Holdings
Withdrawn status Lost status Source of classification or shelving scheme Damaged status Not for loan Collection code Home library Current library Shelving location Date acquired Total Checkouts Full call number Barcode Date last seen Price effective from Koha item type
    Library of Congress Classification     Main Collection ARRUPE LIBRARY ARRUPE LIBRARY Main Collection 11/03/2015   R850 .C55 46500002740 02/07/2019 11/03/2015 Monograph ( Printed materials)

 

Arrupe Library. PO Box MP320 Mt Pleasant, Harare, Zimbabwe
263 242 745411|librarian@aju.ac.zw